Electrochemical studies of pantoprazole on glassy carbon and clay modified electrodes / (Record no. 19711)

MARC details
000 -LEADER
fixed length control field 00876nam a22002414a 4500
005 - DATE AND TIME OF LATEST TRANSACTION
control field 20081128140742.0
008 - FIXED-LENGTH DATA ELEMENTS--GENERAL INFORMATION
fixed length control field 080618s2008 ii a 001 0 eng
010 ## - LCCN (DPL NO)
LC control number ENG-92129
020 ## - INTERNATIONAL STANDARD BOOK NUMBER
Terms of availability 80.00
035 ## - SYSTEM CONTROL NUMBER
System control number EN-75662
037 ## - SOURCE OF ACQUISITION
Source of stock number/acquisition DBAD / PUB
040 ## - CATALOGING SOURCE
Original cataloging agency dpl
Language of cataloging English
082 ## - DEWEY DECIMAL CLASSIFICATION NUMBER
Classification number 541.3724
100 ## - MAIN ENTRY--PERSONAL NAME
Personal name Palanisamy, T.
240 ## - UNIFORM TITLE
Uniform title <a href="Correspondence">Correspondence</a>
245 ## - TITLE STATEMENT
Title Electrochemical studies of pantoprazole on glassy carbon and clay modified electrodes /
Statement of responsibility, etc by T. Palanisamy
260 ## - PUBLICATION, DISTRIBUTION, ETC. (IMPRINT)
Place of publication, distribution, etc Trichy
Name of publisher, distributor, etc Sri Mukil Publications
Date of publication, distribution, etc 2007
300 ## - PHYSICAL DESCRIPTION
Extent 94p.
Dimensions 20 cm (pbk)
500 ## - GENERAL NOTE
General note Includes bibliographical references
650 ## - SUBJECT ADDED ENTRY--TOPICAL TERM
Topical term or geographic name as entry element Electrochemistry.
942 ## - ADDED ENTRY ELEMENTS (KOHA)
Source of classification or shelving scheme Dewey Decimal Classification
Item type English Books
Call number suffix PAL
Classification part 541.3724
Holdings
Withdrawn status Lost status Source of classification or shelving scheme Damaged status Not for loan Collection code Home library Current library Date acquired Source of acquisition Cost, normal purchase price Total Checkouts Full call number Barcode Date last seen Copy number Cost, replacement price Koha item type
    Dewey Decimal Classification   Not For Loan Non-fiction D.B.Act.Division D.B.Act.Division 11/12/2008 DBAD / PUB 80.00   541.3724PAL EN-75662 11/12/2008 1 80.00 English Books

© Delhi Public Library
Hit Counter
free hit counter